<?xml version="1.0" encoding="UTF-8"?>
<record
    xmlns:xsi="http://www.w3.org/2001/XMLSchema-instance"
    xsi:schemaLocation="http://www.loc.gov/MARC21/slim http://www.loc.gov/standards/marcxml/schema/MARC21slim.xsd"
    xmlns="http://www.loc.gov/MARC21/slim">

  <leader>02957njm a2200553Ia 4500</leader>
  <controlfield tag="001">20785</controlfield>
  <controlfield tag="003">IT-RoPAU</controlfield>
  <controlfield tag="005">20220918181124.0</controlfield>
  <controlfield tag="008">131025s9999    xx            000 0 und d</controlfield>
  <datafield tag="040" ind1=" " ind2=" ">
    <subfield code="a">IT-RoPAU</subfield>
  </datafield>
  <datafield tag="040" ind1=" " ind2=" ">
    <subfield code="c">IT-RoPAU</subfield>
  </datafield>
  <datafield tag="041" ind1=" " ind2=" ">
    <subfield code="a">ITALIANO</subfield>
  </datafield>
  <datafield tag="999" ind1=" " ind2=" ">
    <subfield code="c">99992</subfield>
    <subfield code="d">99992</subfield>
  </datafield>
  <datafield tag="999" ind1=" " ind2=" ">
    <subfield code="b">n.d.</subfield>
  </datafield>
  <datafield tag="100" ind1=" " ind2=" ">
    <subfield code="a">AA.VV.</subfield>
    <subfield code="9">794</subfield>
  </datafield>
  <datafield tag="100" ind1=" " ind2=" ">
    <subfield code="e">Autore musica</subfield>
    <subfield code="9">3405</subfield>
  </datafield>
  <datafield tag="100" ind1=" " ind2=" ">
    <subfield code="g">Codice autore musica SPICS: 12000</subfield>
    <subfield code="9">796</subfield>
  </datafield>
  <datafield tag="245" ind1=" " ind2=" ">
    <subfield code="a">In giro per l'Italia</subfield>
  </datafield>
  <datafield tag="250" ind1=" " ind2=" ">
    <subfield code="a">2a ed.</subfield>
  </datafield>
  <datafield tag="260" ind1=" " ind2=" ">
    <subfield code="a">MILANO</subfield>
  </datafield>
  <datafield tag="260" ind1=" " ind2=" ">
    <subfield code="b">FRATELLI FABBRI EDITORI</subfield>
    <subfield code="c">1982 [1a Ed.:1970]</subfield>
  </datafield>
  <datafield tag="300" ind1=" " ind2=" ">
    <subfield code="a">DISCO</subfield>
  </datafield>
  <datafield tag="300" ind1=" " ind2=" ">
    <subfield code="c">26 minuti (Testo:  pag.)</subfield>
  </datafield>
  <datafield tag="500" ind1=" " ind2=" ">
    <subfield code="a">La canzone italiana. Citt&#xE0; e paesi. Napoli, Pulcinella, festa, baci, morte, serenata.</subfield>
  </datafield>
  <datafield tag="505" ind1=" " ind2=" ">
    <subfield code="a">Acquarello napoletano (4:00) - Qui sotto il cielo di Capri (4:00) - La postina della val Gardena (4:00) - Love in Portofino (4:00) - Vitti 'na crozza (4:00) - Calabrisella (4:00) - Romagna mia (4:00) - Souvenir d'Italie (3:00)</subfield>
  </datafield>
  <datafield tag="511" ind1=" " ind2=" ">
    <subfield code="a">Carboni Oscar</subfield>
  </datafield>
  <datafield tag="511" ind1=" " ind2=" ">
    <subfield code="a">Villa Claudio</subfield>
  </datafield>
  <datafield tag="511" ind1=" " ind2=" ">
    <subfield code="a">Jaione Clara</subfield>
  </datafield>
  <datafield tag="511" ind1=" " ind2=" ">
    <subfield code="a">Fred Buscaglione e i suoi Asternovas</subfield>
  </datafield>
  <datafield tag="511" ind1=" " ind2=" ">
    <subfield code="a">Profazio Otello</subfield>
  </datafield>
  <datafield tag="511" ind1=" " ind2=" ">
    <subfield code="a">Boni Carla e Latilla Gino</subfield>
  </datafield>
  <datafield tag="511" ind1=" " ind2=" ">
    <subfield code="a">Orchestra spettacolo Secondo e Raoul Casadei</subfield>
  </datafield>
  <datafield tag="511" ind1=" " ind2=" ">
    <subfield code="a">Cigliano Fausto</subfield>
  </datafield>
  <datafield tag="650" ind1=" " ind2=" ">
    <subfield code="a">CANZONE ITALIAN [DISCHI]</subfield>
    <subfield code="e">Codice MATERIA SPICS: 9950</subfield>
    <subfield code="9">3406</subfield>
  </datafield>
  <datafield tag="700" ind1=" " ind2=" ">
    <subfield code="a">Bonagura Enzo</subfield>
    <subfield code="d">Codice autore musica SPICS: 13478</subfield>
    <subfield code="e">Autore musica</subfield>
    <subfield code="p">Acquarello napoletano - Qui sotto il cielo di Capri</subfield>
    <subfield code="9">3407</subfield>
  </datafield>
  <datafield tag="700" ind1=" " ind2=" ">
    <subfield code="a">Benedetti</subfield>
    <subfield code="d">Codice autore testo/musica SPICS: 22575</subfield>
    <subfield code="e">Autore testo/musica</subfield>
    <subfield code="p">Acquarello napoletano</subfield>
    <subfield code="9">3408</subfield>
  </datafield>
  <datafield tag="700" ind1=" " ind2=" ">
    <subfield code="a">Fragna Armando</subfield>
    <subfield code="d">Codice autore testo/musica SPICS: 13570</subfield>
    <subfield code="e">Autore testo/musica</subfield>
    <subfield code="p">Qui sotto il cielo di Capri</subfield>
    <subfield code="9">3409</subfield>
  </datafield>
  <datafield tag="700" ind1=" " ind2=" ">
    <subfield code="a">Giovannini Sandro</subfield>
    <subfield code="d">Codice autore musica SPICS: 13634</subfield>
    <subfield code="e">Autore musica</subfield>
    <subfield code="p">La postina della val Gardena</subfield>
    <subfield code="9">3410</subfield>
  </datafield>
  <datafield tag="700" ind1=" " ind2=" ">
    <subfield code="a">Garinei Pietro</subfield>
    <subfield code="d">Codice autore SPICS: 13576</subfield>
    <subfield code="e">Autore</subfield>
    <subfield code="p">La postina della val Gardena</subfield>
    <subfield code="9">3411</subfield>
  </datafield>
  <datafield tag="700" ind1=" " ind2=" ">
    <subfield code="a">Kramer Gorni</subfield>
    <subfield code="d">Codice autore testo/musica SPICS: 11552</subfield>
    <subfield code="e">Autore testo/musica</subfield>
    <subfield code="p">La postina della val Gardena</subfield>
    <subfield code="9">3412</subfield>
  </datafield>
  <datafield tag="700" ind1=" " ind2=" ">
    <subfield code="a">Chiosso Leo</subfield>
    <subfield code="d">Codice autore musica SPICS: 13606</subfield>
    <subfield code="e">Autore musica</subfield>
    <subfield code="p">Love in Portofino</subfield>
    <subfield code="9">3413</subfield>
  </datafield>
  <datafield tag="700" ind1=" " ind2=" ">
    <subfield code="a">Buscaglione Fred</subfield>
    <subfield code="d">Codice autore testo/musica SPICS: 1133</subfield>
    <subfield code="e">Autore testo/musica</subfield>
    <subfield code="p">Love in Portofino</subfield>
    <subfield code="9">3414</subfield>
  </datafield>
  <datafield tag="700" ind1=" " ind2=" ">
    <subfield code="a">Anonimo</subfield>
    <subfield code="d">Codice autore testo/musica SPICS: 2620</subfield>
    <subfield code="e">Autore testo/musica</subfield>
    <subfield code="p">Vitti 'na crozza - Calabrisella</subfield>
    <subfield code="9">3415</subfield>
  </datafield>
  <datafield tag="700" ind1=" " ind2=" ">
    <subfield code="a">Casadei Raoul</subfield>
    <subfield code="d">Codice autore musica SPICS: 7936</subfield>
    <subfield code="e">Autore musica</subfield>
    <subfield code="p">Romagna mia</subfield>
    <subfield code="9">3416</subfield>
  </datafield>
  <datafield tag="700" ind1=" " ind2=" ">
    <subfield code="a">Casadei Secondo</subfield>
    <subfield code="d">Codice autore testo/musica SPICS: 7935</subfield>
    <subfield code="e">Autore testo/musica</subfield>
    <subfield code="p">Romagna mia</subfield>
    <subfield code="9">3417</subfield>
  </datafield>
  <datafield tag="700" ind1=" " ind2=" ">
    <subfield code="a">Souvenir d'Italie</subfield>
    <subfield code="d">Codice autore musica SPICS: 1533</subfield>
    <subfield code="e">Autore musica</subfield>
    <subfield code="p">Souvenir d'Italie</subfield>
    <subfield code="9">3418</subfield>
  </datafield>
  <datafield tag="700" ind1=" " ind2=" ">
    <subfield code="a">Tarabusi Renzo</subfield>
    <subfield code="d">Codice autore SPICS: 855</subfield>
    <subfield code="e">Autore</subfield>
    <subfield code="p">Souvenir d'Italie</subfield>
    <subfield code="9">3419</subfield>
  </datafield>
  <datafield tag="700" ind1=" " ind2=" ">
    <subfield code="a">Luttazzi Lelio</subfield>
    <subfield code="d">Codice autore testo/musica SPICS: 13480</subfield>
    <subfield code="e">Autore testo/musica</subfield>
    <subfield code="p">Souvenir d'Italie</subfield>
    <subfield code="9">3420</subfield>
  </datafield>
  <datafield tag="942" ind1=" " ind2=" ">
    <subfield code="c">MD</subfield>
    <subfield code="2">ddc</subfield>
  </datafield>
  <datafield tag="952" ind1=" " ind2=" ">
    <subfield code="0">0</subfield>
    <subfield code="1">0</subfield>
    <subfield code="4">0</subfield>
    <subfield code="6">20785_000000000000000</subfield>
    <subfield code="7">1</subfield>
    <subfield code="a">SPICS</subfield>
    <subfield code="b">SPICS</subfield>
    <subfield code="d">2013-10-25</subfield>
    <subfield code="l">0</subfield>
    <subfield code="o">20785</subfield>
    <subfield code="r">2013-10-25 00:00:00</subfield>
    <subfield code="w">2013-10-25</subfield>
    <subfield code="y">MD</subfield>
    <subfield code="z">Progr. Ins.: 4088 / N.Vol.: 1 / Copie: 1 - Copia rara: n.d. / date import: 01.01.2014 - By Epidotti, Trombetti, Vaglietti</subfield>
  </datafield>
</record>
